| 000 | 00536cam a2200181u 4500 | ||
|---|---|---|---|
| 001 | unk80009799 | ||
| 003 | DLC | ||
| 005 | 20260227112757.0 | ||
| 008 | 810227s1940 dcu 000 0 eng | ||
| 010 | _aunk80009799 | ||
| 040 |
_aDLC _cCarP _dDLC |
||
| 050 | 0 | 0 |
_aCS71.A55 _b1940 |
| 100 | 1 |
_aBattey, George Magruder, _d1887-1965. |
|
| 245 | 0 | 4 | _aThe Andriessen (Andriezon, Anderson) family of East Tennessee, Pennsylvania, Delaware and elsewhere. |
| 260 |
_aWashington, D.C., _c1940. |
||
| 300 | _ap. cm. | ||
| 600 | 3 | 0 | _aAnderson family. |
| 999 |
_c91292 _d91292 |
||